00232nam a2200109Ia 4500008004100000041001200041082001100053100001600064245003000080260000600110650000600116221030s9999 xx 000 0 und d aEnglish a105.23 aV. L. Peter 0aJust Javacby V. L. Peter c0 aB